[Event "GBR-ch77"]
[Site "Eastbourne"]
[Date "1990.07.31"]
[Round "2.7"]
[White "Sadler, Matthew D"]
[Black "Webster, Andrew"]
[Result "1/2-1/2"]
[WhiteElo "2470"]
[BlackElo "2335"]
[PlyCount "52"]
[EventDate "1990.07.30"]
[EventType "swiss"]
[EventRounds "11"]
[EventCountry "GBR"]
[SourceTitle "BritBase"]

1. d4 g6 2. c4 Bg7 3. Nc3 c5 4. Nf3 cxd4 5. Nxd4 Nc6 6. Nc2 Bxc3+ 7. bxc3 Qa5
8. e4 Nf6 9. f3 d6 10. Be2 Nd7 11. O-O Nc5 12. Rb1 Be6 13. Nb4 f5 14. Nd5 O-O-O
15. exf5 Bxf5 16. Rb5 Qxa2 17. Nb4 Qa1 18. Qd5 Bd7 19. Qd2 Nb3 20. Qe3 Nxb4 21.
cxb4 Qd4 22. Rd5 Qxe3+ 23. Bxe3 a5 24. bxa5 Bc6 25. Rdd1 Nc5 26. Bd2 Kc7
1/2-1/2

[Event "GBR-ch77"]
[Site "Eastbourne"]
[Date "1990.07.31"]
[Round "2.8"]
[White "Conquest, Stuart"]
[Black "Franklin, Michael J"]
[Result "1-0"]
[WhiteElo "2460"]
[BlackElo "2330"]
[PlyCount "189"]
[EventDate "1990.07.30"]
[EventType "swiss"]
[EventRounds "11"]
[EventCountry "GBR"]
[SourceTitle "BritBase"]

1. d4 Nf6 2. Nf3 e6 3. Bg5 c5 4. e3 Be7 5. dxc5 Qa5+ 6. Nbd2 Qxc5 7. Bd3 d6 8.
O-O Nbd7 9. e4 O-O 10. c4 b6 11. Rc1 Bb7 12. a3 Rac8 13. b4 Qc7 14. Nd4 Ne5 15.
Bb1 Nc6 16. Nxc6 Bxc6 17. Rc3 h6 18. Bf4 e5 19. Be3 Qb7 20. f3 Bd7 21. Qc2 Rc7
22. Rc1 Rfc8 23. Qd3 Be6 24. Bf2 Nh5 25. g3 g6 26. Nf1 Nf6 27. Ne3 Kg7 28. Qd2
Nh7 29. h4 Nf6 30. Bd3 Bd7 31. Kg2 h5 32. Qb2 Be6 33. R3c2 Qa6 34. Rd1 Qb7 35.
Rcd2 Ng8 36. Nd5 Bxd5 37. cxd5 Bf6 38. Rc2 Rxc2 39. Bxc2 Qc7 40. Bd3 Qc3 41.
Qa2 Ne7 42. Be1 Qc7 43. Qd2 Qd7 44. Rc1 Rxc1 45. Qxc1 Qa4 46. Bf2 Qb3 47. Bc4
Qa4 48. Bf1 Qb3 49. Bc4 Qa4 50. Be3 Ng8 51. Be2 Qb3 52. Kf2 Be7 53. Bc4 Qa4 54.
Qc3 Qd1 55. Bf1 Qa4 56. Be2 Bf8 57. Qd3 Qd7 58. Bf1 Qa4 59. Qa6 Qc2+ 60. Be2
Qc7 61. Qc4 Qb8 62. Qc6 Be7 63. Ba6 Bd8 64. a4 Ne7 65. Qd7 Qc7 66. Qxc7 Bxc7
67. g4 f6 68. g5 fxg5 69. hxg5 Kf7 70. Ke2 Ke8 71. Kd3 Kd7 72. Kc3 Bd8 73. Bb5+
Kc7 74. Bf2 Kb7 75. Be8 a6 76. Kd3 Kc7 77. Bg3 Ng8 78. Bf7 Ne7 79. Be6 Kb7 80.
f4 exf4 81. Bxf4 Bc7 82. Kd4 b5 83. a5 Bb8 84. Ke3 Bc7 85. Kf3 Bb8 86. Be3 Ba7
87. Bxa7 Kxa7 88. e5 dxe5 89. Ke4 Kb7 90. Kxe5 h4 91. Kd6 Nc8+ 92. Kd7 Kb8 93.
d6 Kb7 94. Bd5+ Kb8 95. Ke6 1-0

[Event "GBR-ch77"]
[Site "Eastbourne"]
[Date "1990.07.31"]
[Round "2.9"]
[White "Plaskett, H James"]
[Black "Cavendish, James"]
[Result "1-0"]
[WhiteElo "2445"]
[BlackElo "2325"]
[PlyCount "81"]
[EventDate "1990.07.30"]
[EventType "swiss"]
[EventRounds "11"]
[EventCountry "GBR"]
[SourceTitle "BritBase"]

1. d4 Nc6 2. e4 e5 3. dxe5 Nxe5 4. Nf3 Bb4+ 5. c3 Bd6 6. Nbd2 Nxf3+ 7. Nxf3 Ne7
8. Bc4 Ng6 9. O-O Qe7 10. Nd4 Bc5 11. f4 d6 12. Qd3 Be6 13. Bd2 O-O 14. Kh1
Bxc4 15. Qxc4 Bxd4 16. Qxd4 f5 17. Rae1 fxe4 18. Rxe4 Qf7 19. c4 Ne7 20. Rfe1
Nf5 21. Qd3 h5 22. Bc3 Rad8 23. Re6 c6 24. Bf6 gxf6 25. Qxf5 Rfe8 26. g4 h4 27.
g5 Qh5 28. Qxf6 Rf8 29. Qg6+ Qxg6 30. Rxg6+ Kh7 31. Rh6+ Kg8 32. Rg6+ Kh7 33.
Rh6+ Kg8 34. Rxh4 d5 35. cxd5 Rxd5 36. Re2 Rd4 37. Rf2 Re8 38. Kg2 Re1 39. Rg4
Rdd1 40. f5 Rg1+ 41. Kh3 1-0

[Event "GBR-ch77"]
[Site "Eastbourne"]
[Date "1990.07.31"]
[Round "2.10"]
[White "Littlewood, John Eric"]
[Black "Arkell, Keith C"]
[Result "1/2-1/2"]
[WhiteElo "2320"]
[BlackElo "2430"]
[PlyCount "77"]
[EventDate "1990.07.30"]
[EventType "swiss"]
[EventRounds "11"]
[EventCountry "GBR"]
[SourceTitle "BritBase"]

1. e4 c6 2. d3 d5 3. Nd2 Qc7 4. g3 Nf6 5. Bg2 g6 6. Ngf3 Bg4 7. O-O Nbd7 8.
exd5 cxd5 9. h3 Bxf3 10. Nxf3 Bg7 11. Re1 e6 12. Bf4 Qb6 13. b3 O-O 14. c4 Rfd8
15. Qe2 a5 16. Rab1 Nc5 17. a3 a4 18. bxa4 Qa6 19. Bc7 Rd7 20. Bb6 Nxa4 21. Bd4
dxc4 22. dxc4 Rad8 23. Ba1 Nc5 24. Ne5 Rd2 25. Qe3 b6 26. g4 R8d6 27. Qf4 h6
28. Nxg6 fxg6 29. Bxf6 g5 30. Qf3 Nd3 31. Bxg7 Kxg7 32. Qe3 Nxe1 33. Bd5 R6xd5
34. cxd5 Qe2 35. Rxe1 Qxe3 36. Rxe3 exd5 37. Re6 Rd3 38. Rxb6 Rxa3 39. Rd6
1/2-1/2

[Event "GBR-ch77"]
[Site "Eastbourne"]
[Date "1990.07.31"]
[Round "2.11"]
[White "Emms, John M"]
[Black "Bibby, Simon"]
[Result "1-0"]
[WhiteElo "2430"]
[BlackElo "2280"]
[PlyCount "57"]
[EventDate "1990.07.30"]
[EventType "swiss"]
[EventRounds "11"]
[EventCountry "GBR"]
[SourceTitle "BritBase"]

1. e4 e6 2. d4 d5 3. Nd2 c5 4. Ngf3 cxd4 5. exd5 Qxd5 6. Bc4 Qd6 7. O-O Nf6 8.
Nb3 Nc6 9. Nbxd4 Nxd4 10. Nxd4 Bd7 11. c3 Qc7 12. Qe2 O-O-O 13. a4 h5 14. h3
Bd6 15. Nb5 Bxb5 16. axb5 Bc5 17. Qf3 Ng4 18. Bf4 e5 19. Bg3 Nxf2 20. Bxf2
Bxf2+ 21. Qxf2 Qxc4 22. Qxa7 Rh6 23. b3 Qe6 24. Qc5+ Kb8 25. Qa7+ Kc8 26. Ra4
Qb6+ 27. Qxb6 Rxb6 28. Rxf7 Rxb5 29. Ra8# 1-0

[Event "GBR-ch77"]
[Site "Eastbourne"]
[Date "1990.07.31"]
[Round "2.12"]
[White "Cullip, Stephen"]
[Black "Martin, Andrew D"]
[Result "1/2-1/2"]
[WhiteElo "2270"]
[BlackElo "2415"]
[PlyCount "22"]
[EventDate "1990.07.30"]
[EventType "swiss"]
[EventRounds "11"]
[EventCountry "GBR"]
[SourceTitle "BritBase"]

1. e4 c6 2. d4 d5 3. Nd2 dxe4 4. Nxe4 Nf6 5. Nxf6+ gxf6 6. Ne2 h5 7. h4 Bg4 8.
Qd3 Na6 9. f3 Be6 10. Bd2 Qd7 11. O-O-O Nc7 1/2-1/2

[Event "GBR-ch77"]
[Site "Eastbourne"]
[Date "1990.07.31"]
[Round "2.13"]
[White "Wells, Peter K"]
[Black "Buckley, Graeme"]
[Result "1-0"]
[WhiteElo "2415"]
[BlackElo "2225"]
[PlyCount "68"]
[EventDate "1990.07.30"]
[EventType "swiss"]
[EventRounds "11"]
[EventCountry "GBR"]
[SourceTitle "BritBase"]

1. d4 Nf6 2. c4 g6 3. Nc3 Bg7 4. e4 d6 5. Be2 O-O 6. Nf3 e5 7. Be3 Ng4 8. Bg5
f6 9. Bc1 Nc6 10. h3 Nh6 11. O-O Nf7 12. Be3 f5 13. dxe5 Ncxe5 14. exf5 Bxf5
15. Nd4 Bd7 16. f4 Nc6 17. Bf3 Na5 18. b3 c5 19. Nde2 Bc6 20. Qd2 a6 21. Rad1
Rb8 22. Nd5 b5 23. cxb5 axb5 24. f5 gxf5 25. Bh5 Nb7 26. Rxf5 Bd7 27. Rxf7 Rxf7
28. Bxf7+ Kxf7 29. Bg5 Qa5 30. Qf4+ Kg8 31. Ne7+ Kh8 32. Bf6 Nd8 33. Bxg7+ Kxg7
34. Rf1 Ne6 1-0

[Event "GBR-ch77"]
[Site "Eastbourne"]
[Date "1990.07.31"]
[Round "2.14"]
[White "Speelman, Jonathan S"]
[Black "Summerscale, Aaron"]
[Result "1-0"]
[WhiteElo "2605"]
[BlackElo "2315"]
[PlyCount "55"]
[EventDate "1990.07.30"]
[EventType "swiss"]
[EventRounds "11"]
[EventCountry "GBR"]
[SourceTitle "BritBase"]

1. e4 d5 2. exd5 Qxd5 3. Nc3 Qa5 4. Nf3 Nf6 5. h3 Bf5 6. Bc4 e6 7. O-O Nbd7 8.
d3 c6 9. Re1 O-O-O 10. Bf4 Nb6 11. Nd2 Nbd5 12. Bxd5 cxd5 13. Nb3 Qa6 14. Nd4
Bg6 15. Ncb5 Ne8 16. a4 Nd6 17. Qd2 Rd7 18. Nxe6 fxe6 19. Rxe6 d4 20. Bg3 Bf7
21. Rxd6 Bxd6 22. Nxd6+ Rxd6 23. Qf4 Rhd8 24. Qxf7 R6d7 25. Qf4 Rd6 26. Qf5+
Re6 27. Re1 Rde8 28. Re5 1-0

[Event "GBR-ch77"]
[Site "Eastbourne"]
[Date "1990.07.31"]
[Round "2.15"]
[White "Morris, Philip"]
[Black "Hebden, Mark"]
[Result "1-0"]
[WhiteElo "2380"]
[BlackElo "2520"]
[PlyCount "109"]
[EventDate "1990.07.30"]
[EventType "swiss"]
[EventRounds "11"]
[EventCountry "GBR"]
[SourceTitle "BritBase"]

1. e4 e5 2. Nf3 Nc6 3. Bb5 a6 4. Ba4 Nf6 5. O-O Be7 6. Re1 b5 7. Bb3 O-O 8. c3
d6 9. h3 Nb8 10. d4 Nbd7 11. Nbd2 Bb7 12. Bc2 Re8 13. Nf1 Bf8 14. Ng3 g6 15. a4
c5 16. d5 c4 17. Bg5 h6 18. Be3 Nc5 19. Qd2 h5 20. Bg5 Be7 21. Bh6 Nh7 22. Ra3
Rb8 23. Be3 Bf8 24. Rea1 Bc8 25. axb5 axb5 26. Ra7 Bd7 27. Ng5 Nf6 28. Qe1 Rc8
29. Ne2 Bg7 30. Nc1 Rc7 31. R1a3 Rxa7 32. Rxa7 Qb8 33. Ra3 Na4 34. Bxa4 bxa4
35. Qe2 Bh6 36. Na2 Bg7 37. Nb4 Qb5 38. Kh2 Rf8 39. Ra1 Ne8 40. Rf1 f5 41. exf5
Bxf5 42. Rd1 Nc7 43. g4 hxg4 44. hxg4 Bd7 45. f3 Na6 46. Nxa6 Qxa6 47. Kg3 e4
48. f4 a3 49. Qh2 Rf7 50. Qh7+ Kf8 51. Nxf7 Qa4 52. Bd4 Bxd4 53. Rxd4 axb2 54.
Nxd6 Be8 55. Rxe4 1-0

[Event "GBR-ch77"]
[Site "Eastbourne"]
[Date "1990.07.31"]
[Round "2.16"]
[White "Morrison, Chris"]
[Black "McNab, Colin Anderson"]
[Result "1/2-1/2"]
[WhiteElo "2250"]
[BlackElo "2385"]
[PlyCount "37"]
[EventDate "1990.07.30"]
[EventType "swiss"]
[EventRounds "11"]
[EventCountry "GBR"]
[SourceTitle "BritBase"]

1. e4 g6 2. d4 d6 3. Nc3 Nf6 4. f3 Bg7 5. Be3 c6 6. Qd2 Nbd7 7. Nh3 O-O 8. Be2
e5 9. O-O Qe7 10. a4 d5 11. exd5 Nxd5 12. Nxd5 cxd5 13. Rfe1 Nb6 14. Nf2 Be6
15. dxe5 Bxe5 16. Bd4 Qc7 17. Bxe5 Qxe5 18. a5 Nc8 19. Nd3 1/2-1/2

[Event "GBR-ch77"]
[Site "Eastbourne"]
[Date "1990.07.31"]
[Round "2.17"]
[White "Suba, Mihai"]
[Black "Tozer, Richard"]
[Result "1-0"]
[WhiteElo "2520"]
[BlackElo "2285"]
[PlyCount "97"]
[EventDate "1990.07.30"]
[EventType "swiss"]
[EventRounds "11"]
[EventCountry "GBR"]
[SourceTitle "BritBase"]

1. d4 Nf6 2. c4 e6 3. Nc3 Bb4 4. e3 c5 5. Bd3 Nc6 6. Nge2 d5 7. O-O O-O 8. cxd5
exd5 9. a3 cxd4 10. exd4 Bd6 11. Bb1 Re8 12. h3 h6 13. Qd3 Ne7 14. Qf3 Ng6 15.
Bxg6 fxg6 16. Bf4 Bf5 17. Bxd6 Qxd6 18. Ng3 Be4 19. Qd1 Re7 20. Re1 Rf8 21. Qb3
Kh7 22. Qb4 Qd8 23. Re3 a5 24. Qb5 Qc7 25. Rc1 Nh5 26. Nxh5 gxh5 27. Qe2 Ref7
28. f3 Bf5 29. Re5 h4 30. Qd2 Bxh3 31. Nxd5 Qd6 32. Qd3+ Bf5 33. Rxf5 Rxf5 34.
Ne3 Qf4 35. Rc5 g6 36. Nxf5 Rxf5 37. Qe4 Rf7 38. Qxf4 Rxf4 39. Rc7+ Kg8 40. d5
Rd4 41. Rxb7 Rxd5 42. Kh2 g5 43. a4 h5 44. Rb5 Rd2 45. Rxg5+ Kf7 46. Rb5 Kg6
47. b3 Rb2 48. Kh3 Kh6 49. Kxh4 1-0

[Event "GBR-ch77"]
[Site "Eastbourne"]
[Date "1990.07.31"]
[Round "2.18"]
[White "Mortazavi, Ali"]
[Black "Murshed, Niaz"]
[Result "1-0"]
[WhiteElo "2285"]
[BlackElo "2465"]
[PlyCount "79"]
[EventDate "1990.07.30"]
[EventType "swiss"]
[EventRounds "11"]
[EventCountry "GBR"]
[SourceTitle "BritBase"]

1. Nf3 Nf6 2. g3 d5 3. Bg2 c6 4. O-O Bg4 5. d3 Nbd7 6. c4 e6 7. h3 Bxf3 8. Bxf3
dxc4 9. dxc4 Ne5 10. Qb3 Nxf3+ 11. Qxf3 Be7 12. Nc3 O-O 13. Bf4 Qc8 14. Ne4
Nxe4 15. Qxe4 f6 16. Kg2 e5 17. Be3 Bd6 18. Rad1 Qe6 19. g4 g6 20. Kh1 f5 21.
gxf5 Rxf5 22. Kg2 Raf8 23. Rd3 Rh5 24. Bd2 Qe7 25. Rg3 Rhf5 26. f3 Bc5 27. Bh6
R8f7 28. Rd1 Bb6 29. a3 Qe6 30. Rg4 Rd7 31. Qc2 Rff7 32. Rxd7 Rxd7 33. c5 Bc7
34. Be3 Rd5 35. h4 Kf7 36. Qb3 Rd7 37. Qxb7 Qd5 38. Qc8 Qd1 39. Bf2 Ke7 40. Re4
1-0

[Event "GBR-ch77"]
[Site "Eastbourne"]
[Date "1990.07.31"]
[Round "2.19"]
[White "Lalic, Susan"]
[Black "Howell, James C"]
[Result "0-1"]
[WhiteElo "2270"]
[BlackElo "2415"]
[PlyCount "74"]
[EventDate "1990.07.30"]
[EventType "swiss"]
[EventRounds "11"]
[EventCountry "GBR"]
[SourceTitle "BritBase"]

1. e4 c5 2. c3 Nf6 3. e5 Nd5 4. d4 cxd4 5. cxd4 e6 6. Nf3 d6 7. a3 Nc6 8. Bd3
dxe5 9. dxe5 Qc7 10. O-O Nxe5 11. Nxe5 Qxe5 12. Bb5+ Bd7 13. Bxd7+ Kxd7 14. Re1
Qd6 15. Nd2 Qc6 16. Nf3 Bd6 17. Nd4 Qc4 18. b4 a5 19. bxa5 Rxa5 20. Bb2 Nf6 21.
Rc1 Qd5 22. Qe2 Qe5 23. Qxe5 Rxe5 24. Ne2 Ra5 25. Red1 Ke7 26. Bc3 Rxa3 27. Bb4
Bxb4 28. Rc7+ Kf8 29. Rxb7 Bd6 30. Nd4 Ra8 31. g3 Nd5 32. Rd7 Bc5 33. Nc6 g6
34. Rb1 Kg7 35. Rbb7 Rhf8 36. Ne5 Be7 37. Nd3 Rfd8 0-1

[Event "GBR-ch77"]
[Site "Eastbourne"]
[Date "1990.07.31"]
[Round "2.22"]
[White "McLaren, Leonard"]
[Black "Large, Peter G"]
[Result "0-1"]
[WhiteElo "2205"]
[BlackElo "2325"]
[PlyCount "80"]
[EventDate "1990.07.30"]
[EventType "swiss"]
[EventRounds "11"]
[EventCountry "GBR"]
[SourceTitle "BritBase"]

1. e4 c5 2. Nc3 Nc6 3. g3 g6 4. d3 Bg7 5. Be3 d6 6. Qd2 b6 7. Bg2 Bb7 8. Nge2
Qd7 9. O-O f5 10. d4 cxd4 11. Nxd4 Nf6 12. Rfe1 Ne5 13. Bh6 Bxh6 14. Qxh6 Rc8
15. Rad1 Rc5 16. exf5 Bxg2 17. Kxg2 gxf5 18. f4 Ng6 19. Ne6 Qc6+ 20. Kg1 Rg8
21. Qh3 Rc4 22. Qf1 Kd7 23. Qe2 Ne4 24. Ng5 Nxf4 25. gxf4 Nxg5 26. Qxe7+ Kc8
27. Rd5 Nh3+ 28. Kf1 Rxf4+ 29. Ke2 Re8 30. Kd2 Rxe7 31. Rxe7 Rf2+ 32. Kc1 Rf1+
33. Kd2 Rf2+ 34. Kc1 Nf4 35. Rd1 Qg2 36. Na4 Rf1 37. Rxa7 Rxd1+ 38. Kxd1 Qf1+
39. Kd2 Qf2+ 40. Kc3 Kb8 0-1

[Event "GBR-ch77"]
[Site "Eastbourne"]
[Date "1990.07.31"]
[Round "2.25"]
[White "Cooper, John Grantley"]
[Black "Coleman, David"]
[Result "1/2-1/2"]
[WhiteElo "2390"]
[BlackElo "2235"]
[PlyCount "131"]
[EventDate "1990.07.30"]
[EventType "swiss"]
[EventRounds "11"]
[EventCountry "GBR"]
[SourceTitle "BritBase"]

1. Nf3 Nf6 2. c4 g6 3. Nc3 Bg7 4. e4 d6 5. d4 O-O 6. Be2 e5 7. d5 a5 8. Bg5 h6
9. Bh4 Na6 10. Nd2 Qe8 11. a3 Bd7 12. b3 Nh7 13. O-O h5 14. f3 Bh6 15. Rb1 Be3+
16. Bf2 Bd4 17. Qc2 c5 18. Nb5 Bxf2+ 19. Rxf2 Qe7 20. Qc3 b6 21. Qe3 f5 22.
exf5 Bxf5 23. Bd3 Rad8 24. Rbf1 Nc7 25. Nc3 Ne8 26. f4 Ng7 27. fxe5 Bxd3 28.
Qxd3 Qxe5 29. Nf3 Qf5 30. Qd2 Qf4 31. Qxf4 Rxf4 32. g3 Rf7 33. Nh4 Rxf2 34.
Rxf2 Nf8 35. Ne4 Ne8 36. Nf3 Nh7 37. Nfg5 Nxg5 38. Nxg5 Rd7 39. Re2 Ng7 40. Kg2
Rb7 41. a4 Nf5 42. Re6 Kg7 43. h3 Rd7 44. Ne4 Ne3+ 45. Kf2 Nf5 46. g4 hxg4 47.
hxg4 Nd4 48. Rxd6 Rf7+ 49. Kg3 Rf3+ 50. Kh4 Rf4 51. Ng5 Kh6 52. Rxb6 Nf5+ 53.
Kh3 Kxg5 54. gxf5 gxf5 55. d6 Rh4+ 56. Kg3 f4+ 57. Kf3 Rh3+ 58. Kf2 Rd3 59. Rc6
Kg4 60. Rxc5 Rd2+ 61. Ke1 Rxd6 62. Rxa5 f3 63. Ra8 Rb6 64. Rg8+ Kf4 65. Rf8+
Kg3 66. Rg8+ 1/2-1/2

[Event "GBR-ch77"]
[Site "Eastbourne"]
[Date "1990.07.31"]
[Round "2.31"]
[White "Willmoth, Robert"]
[Black "Hassabis, Demis"]
[Result "0-1"]
[WhiteElo "2205"]
[BlackElo "2285"]
[PlyCount "74"]
[EventDate "1990.07.30"]
[EventType "swiss"]
[EventRounds "11"]
[EventCountry "GBR"]
[SourceTitle "BritBase"]

1. b3 e5 2. Bb2 Nc6 3. g3 d6 4. e4 g6 5. Bg2 Bg7 6. Ne2 Nge7 7. O-O O-O 8. d4
exd4 9. Nxd4 Ne5 10. Qc1 c6 11. Nd2 d5 12. exd5 Nxd5 13. N2f3 Nxf3+ 14. Nxf3
Nc3 15. Kh1 Bf5 16. Re1 Re8 17. a3 Qb6 18. Ne5 Bxe5 19. Rxe5 Rxe5 20. Bxc3 Re6
21. Kg1 Qc5 22. Qd2 Rae8 23. b4 Qd6 24. Qh6 Qf8 25. Qd2 Qd6 26. Qh6 Qf8 27. Qd2
Rd8 28. Qf4 f6 29. Rc1 Qd6 30. Qc4 b5 31. Qb3 Kg7 32. h3 Be4 33. Re1 Bd5 34.
Rxe6 Qxe6 35. Qb2 Bxg2 36. Kxg2 Qe4+ 37. Kh2 Qf3 0-1

[Event "GBR-ch77"]
[Site "Eastbourne"]
[Date "1990.08.01"]
[Round "3.2"]
[White "Hodgson, Julian M"]
[Black "Plaskett, H James"]
[Result "0-1"]
[WhiteElo "2555"]
[BlackElo "2445"]
[PlyCount "54"]
[EventDate "1990.07.30"]
[EventType "swiss"]
[EventRounds "11"]
[EventCountry "GBR"]
[SourceTitle "BritBase"]

1. d4 c5 2. d5 Nf6 3. Nc3 g6 4. e4 d6 5. f4 Bg7 6. Bb5+ Nfd7 7. Bd3 O-O 8. Nf3
Na6 9. O-O Nb4 10. Be2 Nb6 11. a3 Na6 12. f5 gxf5 13. exf5 Bxf5 14. Ng5 Bg6 15.
Bd3 Qd7 16. Bxg6 fxg6 17. Rxf8+ Rxf8 18. Ne6 Rf7 19. Ne4 Nc7 20. Nxg7 Kxg7 21.
b4 Qf5 22. bxc5 Qxe4 23. cxb6 axb6 24. c4 Qxc4 25. Bb2+ Kg8 26. Rc1 Qxd5 27.
Qe1 e5 0-1

[Event "GBR-ch77"]
[Site "Eastbourne"]
[Date "1990.08.01"]
[Round "3.3"]
[White "Emms, John M"]
[Black "Norwood, David"]
[Result "1/2-1/2"]
[WhiteElo "2430"]
[BlackElo "2515"]
[PlyCount "74"]
[EventDate "1990.07.30"]
[EventType "swiss"]
[EventRounds "11"]
[EventCountry "GBR"]
[SourceTitle "BritBase"]

1. e4 g6 2. d4 Bg7 3. Nf3 d6 4. Nc3 Nf6 5. Be3 c6 6. Qd2 Bg4 7. O-O-O Qa5 8. h3
Bxf3 9. gxf3 Nbd7 10. f4 b5 11. e5 b4 12. exf6 bxc3 13. Qxc3 Qxc3 14. fxg7
Qxe3+ 15. fxe3 Rg8 16. Bg2 Rc8 17. Rd3 e6 18. Ra3 Rc7 19. Ra6 d5 20. Kd2 Rxg7
21. h4 h6 22. c4 Nb6 23. cxd5 cxd5 24. Bf1 g5 25. hxg5 hxg5 26. fxg5 Rxg5 27.
Ra3 Rf5 28. Bb5+ Ke7 29. Rc1 Rf2+ 30. Ke1 Rxc1+ 31. Kxf2 Rc2+ 32. Kf3 Nc8 33.
Ba6 Nd6 34. Bd3 Rc7 35. Ra6 f6 36. Kf4 Nf7 37. b3 Nd6 1/2-1/2

[Event "GBR-ch77"]
[Site "Eastbourne"]
[Date "1990.08.01"]
[Round "3.4"]
[White "Mestel, A Jonathan"]
[Black "Wells, Peter K"]
[Result "1/2-1/2"]
[WhiteElo "2505"]
[BlackElo "2415"]
[PlyCount "70"]
[EventDate "1990.07.30"]
[EventType "swiss"]
[EventRounds "11"]
[EventCountry "GBR"]
[SourceTitle "BritBase"]

1. c4 Nf6 2. Nc3 c5 3. Nf3 e6 4. g3 Nc6 5. Bg2 d5 6. cxd5 Nxd5 7. O-O Be7 8. d4
O-O 9. Nxd5 exd5 10. dxc5 Bxc5 11. Qc2 Bb6 12. Ng5 g6 13. Bf4 h6 14. Nf3 Bf5
15. Qa4 g5 16. Bd2 Re8 17. e3 Be4 18. Bc3 Qd7 19. Bd4 Qf5 20. Bxb6 Bxf3 21. Bd4
g4 22. Bc3 d4 23. exd4 Bxg2 24. Kxg2 Qe4+ 25. Kg1 Ne5 26. Qxe8+ Rxe8 27. dxe5
Rd8 28. Rad1 Rd3 29. Rfe1 Qd5 30. Rxd3 Qxd3 31. e6 fxe6 32. Rxe6 Qd5 33. Rxh6
Qd1+ 34. Kg2 Qf3+ 35. Kg1 Qd1+ 1/2-1/2

[Event "GBR-ch77"]
[Site "Eastbourne"]
[Date "1990.08.01"]
[Round "3.5"]
[White "Morris, Philip"]
[Black "Watson, William N"]
[Result "1-0"]
[WhiteElo "2380"]
[BlackElo "2495"]
[PlyCount "123"]
[EventDate "1990.07.30"]
[EventType "swiss"]
[EventRounds "11"]
[EventCountry "GBR"]
[SourceTitle "BritBase"]

1. e4 c5 2. Nf3 d6 3. d4 cxd4 4. Nxd4 Nf6 5. Nc3 g6 6. Be3 Bg7 7. f3 O-O 8. Qd2
Nc6 9. O-O-O d5 10. exd5 Nxd5 11. Nxc6 bxc6 12. Bd4 e5 13. Bc5 Be6 14. Ne4 Re8
15. h4 h6 16. g4 a5 17. g5 h5 18. a4 Qc7 19. Bc4 Red8 20. Qf2 Rab8 21. Rd2 Qb7
22. b3 Nf4 23. Bxe6 Nxe6 24. Rhd1 Rd5 25. Nd6 Qd7 26. Ne4 Nd4 27. Bxd4 exd4 28.
Qg3 Rb4 29. Rd3 c5 30. Nd2 Re5 31. Re1 Qe6 32. Rxe5 Bxe5 33. Qe1 Rb8 34. Qe4
Re8 35. Nc4 Bg3 36. Qxe6 Rxe6 37. Nxa5 Bxh4 38. f4 Be1 39. Nc4 Kg7 40. Rd1 h4
41. Ne5 Bg3 42. Nd3 h3 43. Rh1 h2 44. Kd2 Kf8 45. Nxc5 Re1 46. Rxh2 Rg1 47. Re2
Bxf4+ 48. Kd3 Bxg5 49. Kxd4 Bd8 50. b4 g5 51. a5 g4 52. Ke4 Be7 53. Nd3 Rf1 54.
Rg2 f5+ 55. Ke5 Rb1 56. c3 Rb3 57. Rc2 g3 58. Nf4 Bxb4 59. cxb4 Rxb4 60. Ra2
Rb5+ 61. Kd6 Rb4 62. a6 1-0

[Event "GBR-ch77"]
[Site "Eastbourne"]
[Date "1990.08.01"]
[Round "3.7"]
[White "Webster, Andrew"]
[Black "King, Daniel J"]
[Result "0-1"]
[WhiteElo "2335"]
[BlackElo "2560"]
[PlyCount "70"]
[EventDate "1990.07.30"]
[EventType "swiss"]
[EventRounds "11"]
[EventCountry "GBR"]
[SourceTitle "BritBase"]

1. c4 b6 2. d4 e6 3. e4 Bb7 4. Qc2 Qh4 5. Nd2 Bb4 6. Bd3 f5 7. Ngf3 Qh5 8. a3
Bxd2+ 9. Bxd2 Nf6 10. exf5 Bxf3 11. gxf3 Nc6 12. Be3 e5 13. dxe5 Nxe5 14. O-O-O
Nxd3+ 15. Qxd3 Qxf3 16. Rhg1 O-O-O 17. Rxg7 Rhf8 18. c5 Qc6 19. Qc2 b5 20. Bd4
a6 21. Be5 Ne4 22. Rxh7 Rxf5 23. f4 Qxc5 24. Qxc5 Nxc5 25. Bd4 Rxf4 26. Bxc5
Rc4+ 27. Kb1 Rxc5 28. h4 d6 29. Rd2 Rf8 30. Ka2 a5 31. h5 Rf1 32. Rh2 Rcc1 33.
Rh8+ Kb7 34. h6 a4 35. b4 Rh1 0-1

[Event "GBR-ch77"]
[Site "Eastbourne"]
[Date "1990.08.01"]
[Round "3.8"]
[White "Large, Peter G"]
[Black "Suba, Mihai"]
[Result "0-1"]
[WhiteElo "2325"]
[BlackElo "2520"]
[PlyCount "92"]
[EventDate "1990.07.30"]
[EventType "swiss"]
[EventRounds "11"]
[EventCountry "GBR"]
[SourceTitle "BritBase"]

1. e4 c5 2. Nf3 d6 3. d4 Nf6 4. Nc3 cxd4 5. Nxd4 e6 6. Be2 a6 7. O-O Be7 8. f4
O-O 9. Bf3 Qc7 10. Be3 Nc6 11. Nxc6 bxc6 12. Na4 Bb7 13. c4 c5 14. Nc3 Nd7 15.
Qe2 Nb8 16. Rad1 Nc6 17. Qf2 Rac8 18. Kh1 Rfd8 19. Bh5 g6 20. f5 Ne5 21. f6 Bf8
22. Be2 Bc6 23. Qh4 Rd7 24. Bg5 Qd8 25. Rf4 Rb8 26. b3 a5 27. Qh3 a4 28. bxa4
Rb2 29. Rdf1 Qa8 30. Bd1 Rd2 31. Be2 h5 32. Rh4 Rxe2 33. Nxe2 Qxa4 34. Qe3 Qxa2
35. Ng3 Nxc4 36. Qc1 d5 37. Bh6 dxe4 38. Rg1 e3 39. Rxc4 Bxh6 40. Rxc5 Bb7 41.
Rb5 Kh7 42. Rb2 Qd5 43. Qb1 h4 44. Rb5 Qc6 45. Rb6 Qc7 46. Rc1 e2 0-1

[Event "GBR-ch77"]
[Site "Eastbourne"]
[Date "1990.08.01"]
[Round "3.9"]
[White "Littlewood, John Eric"]
[Black "Sadler, Matthew D"]
[Result "1-0"]
[WhiteElo "2320"]
[BlackElo "2470"]
[PlyCount "95"]
[EventDate "1990.07.30"]
[EventType "swiss"]
[EventRounds "11"]
[EventCountry "GBR"]
[SourceTitle "BritBase"]

1. e4 c5 2. c3 d6 3. d4 Nf6 4. Bd3 g6 5. Nf3 Bg7 6. O-O O-O 7. h3 Nc6 8. Nbd2
b6 9. dxc5 bxc5 10. Nc4 Nd7 11. Bg5 Qc7 12. Qe2 Rb8 13. Rad1 Re8 14. Bf4 Nb6
15. Ne3 Qb7 16. Rd2 Bd7 17. Ba6 Qc7 18. Rfd1 Rbd8 19. h4 Nb8 20. Bd3 e5 21. Bg3
h5 22. Ng5 Bc8 23. a4 Nc6 24. Bb5 Re7 25. Bxc6 Qxc6 26. a5 Na8 27. Nd5 Rb7 28.
b4 cxb4 29. cxb4 Bg4 30. f3 Be6 31. a6 Rbd7 32. b5 Qc8 33. Rc2 Nc7 34. b6 axb6
35. Nxe6 fxe6 36. Nxb6 Qxa6 37. Qxa6 Nxa6 38. Nxd7 Rxd7 39. Rc6 Nc7 40. Rdxd6
Re7 41. Rd8+ Kf7 42. Rb8 Ne8 43. Bf2 Bh6 44. Rcb6 Nf6 45. R6b7 Rd7 46. Rxd7+
Nxd7 47. Rb7 Ke8 48. Kf1 1-0

[Event "GBR-ch77"]
[Site "Eastbourne"]
[Date "1990.08.01"]
[Round "3.10"]
[White "Arkell, Keith C"]
[Black "Mortazavi, Ali"]
[Result "1-0"]
[WhiteElo "2430"]
[BlackElo "2285"]
[PlyCount "45"]
[EventDate "1990.07.30"]
[EventType "swiss"]
[EventRounds "11"]
[EventCountry "GBR"]
[SourceTitle "BritBase"]

1. d4 g6 2. Nf3 Bg7 3. c4 d6 4. g3 Nd7 5. Bg2 e5 6. Nc3 Ne7 7. O-O O-O 8. e3 h6
9. b3 Kh7 10. Ba3 exd4 11. Nxd4 Nc5 12. Rc1 c6 13. Qd2 Qa5 14. Bb2 Rd8 15. a3
Ne6 16. b4 Qh5 17. Nxe6 Bxe6 18. Ne4 Bxb2 19. Qxb2 Ng8 20. Rfd1 Bxc4 21. Nxd6
Rd7 22. g4 Qxg4 23. Rd4 1-0